LDR 01254naa#a2200229#i#450# 001 RU\\bibl\121388 005 20260429113410.3 011 ## _a1994-4683 100 ## _a20230531b2023####ek#y0rusy0150####ca 102 ## _aRU 200 1# _aНЕСТАНДАРТНЫЕ ФИЗИЧЕСКИЕ УПРАЖНЕНИЯ ДЛЯ ФОРМИРОВАНИЯ КООРДИНАЦИИ У СТУДЕНТОВ ПРОФЕССИЙ ТВОРЧЕСКОЙ НАПРАВЛЕННОСТИ _eЖурнальная статья 210 1# _aМосква _cНациональный государственный Университет физической культуры, спорта и здоровья им. П.Ф. Лесгафта _d2023 215 ## _a3 с. 608 ## _aЖурнальная статья _2local 675 ## _aМетодика физического воспитания. Пути и средства физического воспитания. Учебные заведения физической культуры. 796.011.3 _z 700 #1 _aАров _gВ С 700 #1 _aЕвтеева _gТ Г 700 #1 _aАндреенко _gТ А 700 #1 _aСавельев _gМ Ю 700 #1 _aПоловодов _gИ В 700 #1 _aПавленко _gЕ П 856 4# _auchzapiski.lesgaft.spb.ru _u